书目信息 |
| 题名: |
大学英语
|
|
| 作者: | 虞苏美 , 李慧琴 主编 | |
| 分册: | 1 听力 | |
| 出版信息: | 上海 上海外语教育出版社 1990.06 |
|
| 页数: | 72页 | |
| 开本: | 28cm | |
| 丛书名: | ||
| 单 册: | ||
| 中图分类: | H31-42 , H31-42 | |
| 科图分类: | 41.68 | |
| 主题词: | 英语--高等学校--教材 , 听说教学-英语--高等学校--教材 | |
| 电子资源: | ||
| ISBN: | 7-81046-144-3 | |
| 000 | 00892cam0 2200301 45 | |
| 001 | 1253683111 | |
| 005 | 20171110151358.29 | |
| 009 | 0199030254 | |
| 010 | @a7-81046-144-3@dCNY4.30 | |
| 100 | @a20010731e1990 em y0chiy0121 ea | |
| 101 | 0 | @aeng@gchi |
| 102 | @aCN@b310000 | |
| 105 | @ay z 000yy | |
| 200 | 10 | @a大学英语@Ada xue ying yu@i听力@h1@i教师用书@f虞苏美,李慧琴主编 |
| 210 | @a上海@c上海外语教育出版社@d1990.06@h2001重印 | |
| 215 | @a72页@d28cm | |
| 300 | @a高等学校教材 | |
| 510 | 1 | @aCollege English@eRevised edition@iFocus listening@zeng |
| 606 | @a英语@x高等学校@x教材 | |
| 606 | @a听说教学-英语@x高等学校@x教材 | |
| 690 | @aH31-42@v3 | |
| 690 | @aH31-42@v4 | |
| 692 | @a41.68@v2 | |
| 701 | 0 | @a虞苏美@Ayu su mei@4主编 |
| 701 | 0 | @a李慧琴@Ali hui qin@4主编 |
| 801 | 2 | @aCN@bCEPC@c20110329 |
| 801 | 0 | @aCN@bNLC@c20041202 |
| 905 | @a10447@dH31-42@eY8232:1 | |
| 大学英语.听力.1.教师用书/虞苏美,李慧琴主编.-上海:上海外语教育出版社,1990.06(2001重印) |
| 72页;28cm |
| 高等学校教材 |
| ISBN 7-81046-144-3:CNY4.30 |
| ● |
| 相关链接 |
|
|
|
正题名:大学英语
索取号:H31-42/Y8232:1
 
预约/预借
| 序号 | 登录号 | 条形码 | 馆藏地/架位号 | 状态 | 备注 |
| 1 | 1308490 | 213084909 | 语言库209/209语言库 89排4列4层/ [索取号:H31-42/Y8232:1] | 在馆 | |
| 2 | 484894 | 204848941 | 土木与交通工程学院资料室/ [索取号:H31-42/Y8232:1] | 在馆 |